| 000 | 00543nam a2200181 a 4500 | ||
|---|---|---|---|
| 005 | 20220601074208.0 | ||
| 008 | 991125s1976 ea 000 0 eng u | ||
| 020 | _a0816504962 | ||
| 035 | _aUPN01000039029 | ||
| 049 | _aCG | ||
| 050 | 4 |
_aJA94 _bC3.4 |
|
| 100 | 1 |
_aCamp, Roderic Ai, _d1945- _928630 |
|
| 245 | 1 | 0 |
_aMexican political biographies : _b1935-1975 / _cRoderic Ai Camp. |
| 260 |
_aArizona [E.U.A.] : _bUniversity of Arizona, _cc1976. |
||
| 300 | _axxvii, 468 h. | ||
| 650 | 2 |
_aEstadistas mexicanos _vBiografĂa _923078 |
|
| 905 | _aLibro | ||
| 999 |
_c39029 _d39029 |
||